书目信息 |
| 题名: |
流行美语
|
|
| 作者: | 叶欣 , 周安石 , 周来 编著 | |
| 分册: | ||
| 出版信息: | 北京 国防工业出版社 2005.8 |
|
| 页数: | 337页 | |
| 开本: | 17cm | |
| 丛书名: | ||
| 单 册: | ||
| 中图分类: | H319.9 | |
| 科图分类: | ||
| 主题词: | 口语--kou yu , 英语--ying yu--口语--美国 | |
| 电子资源: | ||
| ISBN: | 7-118-04048-7 | |
| 000 | 00941nam0 2200265 45 | |
| 001 | 012006000000 | |
| 005 | 20061031091144.67 | |
| 010 | @a7-118-04048-7@dCNY15.00 | |
| 100 | @a20060419d2005 em y0chiy0121 ea | |
| 101 | 0 | @achi@aeng |
| 102 | @aCN@b110000 | |
| 105 | @ay z 000yy | |
| 200 | 1 | @a流行美语@Aliu xing mei yu@e各行各业情景会话精选@d= Popular American English@f周来,叶欣,周安石编著@zeng |
| 210 | @a北京@c国防工业出版社@d2005.8 | |
| 215 | @a337页@d17cm | |
| 330 | @a本书结合编著者在美国生活时,专门收集的最流行的美语口语常用语句与句型,并在总结居留美国华人掌握美语的经验的基础上结合我国实际场景编写了生活中的常用口语。 | |
| 510 | 1 | @aPopular American English@zeng |
| 606 | 0 | @a口语@Akou yu |
| 606 | 0 | @a英语@Aying yu@x口语@y美国 |
| 690 | @aH319.9@v4 | |
| 701 | 0 | @a叶欣@Aye xin@4编著 |
| 701 | 0 | @a周安石@Azhou an shi@4编著 |
| 701 | 0 | @a周来@Azhou lai@4编著 |
| 801 | 0 | @aCN@c20061031 |
| 905 | @a10447@dH319.9@eZ773 | |
| 流行美语:各行各业情景会话精选= Popular American English/周来,叶欣,周安石编著.-北京:国防工业出版社,2005.8 |
| 337页;17cm |
| ISBN 7-118-04048-7:CNY15.00 |
| 本书结合编著者在美国生活时,专门收集的最流行的美语口语常用语句与句型,并在总结居留美国华人掌握美语的经验的基础上结合我国实际场景编写了生活中的常用口语。 |
| ● |
| 相关链接 |
|
|
|
正题名:流行美语
索取号:H319.9/Z773
 
预约/预借
| 序号 | 登录号 | 条形码 | 馆藏地/架位号 | 状态 | 备注 |
| 1 | 631358 | 206313586 | 语言库209/209语言库 114排1列6层/ [索取号:H319.9/Z773] | 在馆 | |
| 2 | 631359 | 206313595 | 语言库209/209语言库 114排1列6层/ [索取号:H319.9/Z773] | 在馆 | |
| 3 | 631360 | 206313602 | 语言库209/209语言库 114排1列6层/ [索取号:H319.9/Z773] | 在馆 |